000 00588nam a2200217Ii 4500
003 JO-AjNU
008 230606s9999||||xx |||||||||||||| ||und||
020 _a978-1-259-01122-1
040 _aJO-AjNU
_beng
_erda
_cJO-AjNU
041 _aeng
050 1 4 _aQC145.2014
100 3 _aCimbala ,john/cengel,Yunus,
_eauthor
_95091
245 0 0 _aFluid Mechanics
250 _a3 ed
264 3 1 _aLondon:Mcgraw hill,2014
300 _a972p
336 _atext
_btxt
_2rdacontent
337 _aunmediated
_bn
_2rdamedia
338 _avolume
_bnc
_2rdacarrier
650 4 _aFluid Mechanics
_95092
999 _aE2633
_c2631
_d2631